000
00302nam a22001457a 4500
020
_a
81-239-0545-9
041
_a
ENG
100
_a
Fang.H.Y
245
_a
Foundation Engineering Handbook
250
_a
Second ED
260
_a
Delhi
_b
CBS PUb
_c
1997
300
_a
923
650
_a
FS
856
_u
FS
999
_c
785
_d
785